الفيصل : (رقم التسجيلة. 92821)

تفاصيل مارك
000 -LEADER
fixed length control field 013450am a22003010004500
003 - CONTROL NUMBER IDENTIFIER
control field EG-GiCUC
008 - FIXED-LENGTH DATA ELEMENTS--GENERAL INFORMATION
fixed length control field 070303s1994 su g 000 0 ara d
017 ## - COPYRIGHT OR LEGAL DEPOSIT NUMBER
Copyright or legal deposit number 0233 / 1994
Assigning agency السعودية.مكتبة الملك فهد الوطنية
020 ## - INTERNATIONAL STANDARD BOOK NUMBER
International Standard Book Number 9960726037
040 ## - CATALOGING SOURCE
Original cataloging agency EG-GiCUC
Language of cataloging ara
Transcribing agency EG-GiCUC
050 #4 - LIBRARY OF CONGRESS CALL NUMBER
Classification number Z695.1.T74
Item number F38 1994
092 04 - LOCALLY ASSIGNED DEWEY CALL NUMBER (OCLC)
Classification number 025.4921
Item number F285 1994
Edition number 21
099 ## - LOCAL FREE-TEXT CALL NUMBER (OCLC)
Classification number 04
-- 025.4921 F285 1994
245 02 - TITLE STATEMENT
Title الفيصل :
Remainder of title مكنز عربى شامل فى علوم الحضارة : قسم علوم الدين الاسلامى /
Statement of responsibility, etc. تخطيط و إشراف زيد بن عبد المحسن الحسين ؛ تنفيذ محمد صابر مصطفى.
250 ## - EDITION STATEMENT
Edition statement ط.1.
260 ## - PUBLICATION, DISTRIBUTION, ETC.
Place of publication, distribution, etc. الرياض :
Name of publisher, distributor, etc. مركز الملك فيصل للبحوث و الدراسات الاسلامية:
Date of publication, distribution, etc. 1994.
300 ## - PHYSICAL DESCRIPTION
Extent 2 مج. ؛
Dimensions 29 .سم
505 0# - FORMATTED CONTENTS NOTE
Formatted contents note مج. 1عرض هجائى -مج. 2 عرض هرمي وعرض تباديلي
650 #7 - SUBJECT ADDED ENTRY--TOPICAL TERM
Topical term or geographic name entry element الاسلام
Form subdivision كشافات.
Source of heading or term qrmak
650 #7 - SUBJECT ADDED ENTRY--TOPICAL TERM
Topical term or geographic name entry element المكانز.
Source of heading or term qrmak
650 #7 - SUBJECT ADDED ENTRY--TOPICAL TERM
Topical term or geographic name entry element رؤوس الموضوعات.
Source of heading or term qrmak
700 1# - ADDED ENTRY--PERSONAL NAME
Personal name الحسين: زيد عبد المحسن.
710 2# - ADDED ENTRY--CORPORATE NAME
Corporate name or jurisdiction name as entry element مركز الملك فيصل للبحوث و الدراسات الاسلامية.
902 ## - LOCAL DATA ELEMENT B, LDB (RLIN)
No. of Items 1
905 ## - LOCAL DATA ELEMENT E, LDE (RLIN)
Cataloger بلتاجى
Reviser مراجع
905 ## - LOCAL DATA ELEMENT E, LDE (RLIN)
Cataloger جمال
Reviser مدخل
942 ## - ADDED ENTRY ELEMENTS (KOHA)
Source of classification or shelving scheme Dewey Decimal Classification
Koha item type Reference
المقتنيات
Source of classification or shelving scheme Not for loan Home library Current library Date acquired Full call number Barcode Date last seen Copy number Koha item type
Dewey Decimal Classification   المكتبة المركزبة الجديدة - جامعة القاهرة قاعة المراجع - الدور الثاني 11.02.2024 025.4921 F285 1994 01000100100771001 22.09.2023 v.1 Ref. C.1 Reference
Dewey Decimal Classification   المكتبة المركزبة الجديدة - جامعة القاهرة قاعة المراجع - الدور الثاني 11.02.2024 025.4921 F285 1994 01000100100771002 22.09.2023 v.2 Ref. C.1 Reference
Cairo University Libraries Portal Implemented & Customized by: Eng. M. Mohamady Contacts: new-lib@cl.cu.edu.eg | cnul@cl.cu.edu.eg
CUCL logo CNUL logo
© All rights reserved — Cairo University Libraries
CUCL logo
Implemented & Customized by: Eng. M. Mohamady Contact: new-lib@cl.cu.edu.eg © All rights reserved — New Central Library
CNUL logo
Implemented & Customized by: Eng. M. Mohamady Contact: cnul@cl.cu.edu.eg © All rights reserved — Cairo National University Library